000 00528nab a2200145Ia 4500
003 ES-SlBCS
005 20210601141250.0
008 140529s1997 xxu||||| |||| 00| 0 spa d
041 _aspa
100 1 _aBoggino, Norberto
_9209310
245 0 0 _aPrevención de dificultades en el aprendizaje de aritmética: hipótesis y creencias pedagógicas y psicológicas
_c Norberto Boggino
650 0 4 _aAritmética-Aprendizaje
_9253839
773 0 _tEducaçao e Filosofia
_gvol. 11, nº. 21-22, 1997, págs. 203-224
_wRev1534
942 _cAR
999 _c657921
_d657921